Harry Potter - Personnages par action - Statistiques

Statistiques générales
  • Ce quiz a été pris 97 fois
  • Le résultat moyen est 10 sur 15
Statistiques - réponses
Hint Réponse % Correct
Il a volé la voiture de son père Ron Weasley
91%
Il est le prince de sang mêlé Severus Rogue
77%
Elle a dirigé Poudlard pendant une année Dolores Ombrage
74%
Elle a embrassé Harry sous du houx Cho Chang
73%
Il a servi la famille de Sirius Black Kreattur
70%
Il a longtemps été un rat Peter Pettigrow
70%
Elle les voit aussi Luna Lovegood
67%
Il a coupé Naguini en deux Neuville Londubat
67%
Il a jeté un sort en rapport avec des limaces Drago Malefoy
65%
Il était camouflé en fauteuil Horace Slughorn
61%
Elle a rendu Hermione jalouse Lavande Brown
61%
Elle est tombée amoureuse d'Hagrid Olympe Maxime
58%
Elle a cassé la fenêtre de Hagrid Hermione Granger
55%
Il a emmené Harry dans les toilettes Arthur Weasley
39%
Il apparait dans tous les films sauf le 3 Voldemort
38%
Aucun quiz correspondant
Distribution des résultats
% des personnes avec chaque résultat
Percentile par nombre de réponses
Votre historique - résultats
Vous n’avez pas pris ce quiz